000 00437nam a2200169Ia 4500
008 230711s9999||||xx |||||||||||||| ||und||
020 _a978-1-60807-951-3
041 _aENG
082 _a621.384
_bBE-W
100 _aBensky,Alan
245 0 _aWireless positioning : technologies and applications
250 _a2nd Ed.
260 _c2016
_aNew York
_bArtech House
300 _a401p.
650 _aElectronics Engineering
942 _cBK
999 _c6326
_d6326